| 000 | 00833nam a2200229Ia 4500 | ||
|---|---|---|---|
| 003 | GCL | ||
| 008 | 140319s9999 xx 000 0 ara d | ||
| 040 |
_aGCL / _cGCL |
||
| 082 | 0 | 4 |
_aت _b338.9 _bص ص |
| 100 | 1 | _aالصندوق الكويتى للتنمية | |
| 245 | 1 | 0 |
_aالصندوق الكويتى للتنمية الاقتصادية العربية التقرير السنوى الثلاثون 1992-1991 / _cالصندوق الكويتى للتنمية |
| 260 |
_a[S.N] : _bالصندوق الكويتى للتنمية ، _c1991 |
||
| 300 | _a73 ص | ||
| 490 |
_aالاعمال الروائية _v0 |
||
| 650 | 0 | 4 | _aالكويت |
| 650 | 0 | 4 | _aالعالم العربى |
| 650 | 0 | 4 | _aالاحوال الاقتصادية |
| 650 | 0 | 4 | _aافريقيا |
| 650 | 0 | 4 | _aالقروض |
| 650 | 0 | 4 | _aاسيا |
| 942 |
_2ddc _cBK |
||
| 999 |
_c26608 _d26608 |
||